El modo de ser aristocrático: el caso de la oligarquía chilena hacia 1900
I tiakina i:
| Ngā kaituhi matua: | , |
|---|---|
| Hōputu: | Pukapuka |
| Reo: | Pāniora |
| I whakaputaina: |
Santiago
Ediciones Aconcagua
1978
|
| Putanga: | 1a. ed |
| Rangatū: | Colección Lautaro
|
| Ngā marau: | |
| Ngā Tūtohu: |
Tāpirihia he Tūtohu
Kāore He Tūtohu, Me noho koe te mea tuatahi ki te tūtohu i tēnei pūkete!
|
MARC
| LEADER | 00000cam a2200000 a 4500 | ||
|---|---|---|---|
| 001 | UCE7408 | ||
| 003 | CL-VaPUC | ||
| 008 | 150605e19780000cl |||||||||||||||||spa|d | ||
| 082 | 0 | 4 | |a 305.520983 |b BAR |2 21 |
| 100 | 0 | |a Barros Lezaeta, Luis |e author |9 580084 | |
| 700 | 0 | |a Vergara Johnson, Ximena |e author |9 580085 | |
| 245 | 1 | 3 | |a El modo de ser aristocrático: el caso de la oligarquía chilena hacia 1900 |
| 250 | |a 1a. ed | ||
| 300 | |a 79 p | ||
| 942 | |c BK | ||
| 945 | |d 20150605 14:50:00 |a gsalatino | ||
| 260 | |a Santiago |b Ediciones Aconcagua |c 1978 | ||
| 650 | 0 | |a Oligarquía |9 314747 | |
| 650 | 0 | |a Aristocracia |9 356916 | |
| 651 | 7 | |a CHILE |2 CL-VaPUC |9 580086 | |
| 583 | |a last modification |c 20150605 14:50:00 |k Rodrigo Vera | ||
| 490 | 0 | |a Colección Lautaro | |
| 999 | |c 359503 |d 359501 | ||
| 952 | |0 0 |1 0 |3 erb |4 0 |6 305_520983000000000_BAR_1978 |7 0 |8 A |9 468706 |a BIBHIS |b BIBHIS |i 5162041 |o 305.520983 BAR 1978 |p 5162041 |r 2025-01-20 |w 2019-11-23 |y BK |z Catalogado en:20150605 |k HIS | ||